[Event "North Bay int."]
[Site "North Bay CAN"]
[Date "1999.08.07"]
[Round "8"]
[White "Hummel, Patrick"]
[Black "Day, Lawrence"]
[Result "0-1"]
[WhiteElo "2330"]
[BlackElo "2319"]
[PlyCount "74"]
[GameId "2160767911742716"]
[EventDate "1999.08.04"]
[EventType "swiss"]
[EventRounds "9"]
[EventCountry "CAN"]
[SourceTitle "EXT 2000"]
[Source "ChessBase"]
[SourceDate "1999.11.18"]
[SourceVersion "1"]
[SourceVersionDate "1999.11.18"]
[SourceQuality "1"]

1. d4 Nf6 2. c4 d6 3. Nc3 c6 4. e4 e5 5. Nf3 Nbd7 6. Be2 Be7 7. O-O O-O 8. Qc2 a6 9. Rd1 Qc7 10. b3 b5 11. Bb2 b4 12. Nb1 exd4 13. Nxd4 g6 14. Nd2 Bb7 15. Re1 c5 16. N4f3 Rfe8 17. Bf1 Bf8 18. g3 Re7 19. Nh4 Rae8 20. f3 Qb6 21. Ng2 Bh6 22. Rad1 Nh5 23. f4 Nhf6 24. Bd3 Bg7 25. Ba1 Qa7 26. Re2 Qa8 27. Rde1 Nh5 28. Bxg7 Nxg7 29. Nh4 Nf6 30. Ndf3 Nd7 31. Kf2 Nf8 32. Qb2 Qc8 33. Kg2 Nh5 34. h3 Ne6 35. Re3 f5 36. exf5 Nexf4+ 37. gxf4 Rxe3 0-1

[Event "North Bay int."]
[Site "North Bay CAN"]
[Date "1999.08.07"]
[Round "8"]
[White "Kalinin, Alexander"]
[Black "Rajlich, Vasik"]
[Result "1-0"]
[WhiteElo "2425"]
[BlackElo "2297"]
[PlyCount "55"]
[GameId "2160767911742717"]
[EventDate "1999.08.04"]
[EventType "swiss"]
[EventRounds "9"]
[EventCountry "CAN"]
[SourceTitle "EXT 2000"]
[Source "ChessBase"]
[SourceDate "1999.11.18"]
[SourceVersion "1"]
[SourceVersionDate "1999.11.18"]
[SourceQuality "1"]

1. e4 c5 2. Nf3 d6 3. d4 cxd4 4. Nxd4 Nf6 5. Nc3 a6 6. Be2 e5 7. Nb3 Be7 8. O-O O-O 9. Be3 Qc7 10. a4 Be6 11. a5 Nc6 12. Nd5 Bxd5 13. exd5 Nb8 14. c4 Nbd7 15. Nd2 Rae8 16. b4 h6 17. Rc1 Nh7 18. c5 Bg5 19. Ne4 Bxe3 20. fxe3 dxc5 21. bxc5 Nhf6 22. Nd6 Rd8 23. Nf5 Qxa5 24. c6 bxc6 25. dxc6 Nb6 26. Qb3 Rd2 27. Ra1 Qc5 28. Rfc1 1-0

[Event "North Bay int."]
[Site "North Bay CAN"]
[Date "1999.08.07"]
[Round "8"]
[White "Kuczaj, Chris"]
[Black "Zambo, Victor"]
[Result "0-1"]
[WhiteElo "2171"]
[BlackElo "2202"]
[PlyCount "62"]
[GameId "2160767911742718"]
[EventDate "1999.08.04"]
[EventType "swiss"]
[EventRounds "9"]
[EventCountry "CAN"]

1. c4 Nf6 2. Nc3 g6 3. e4 d6 4. d4 Bg7 5. Be2 O-O 6. Nf3 e5 7. O-O Nc6 8. d5 Ne7 9. b4 a5 10. Ba3 axb4 11. Bxb4 b6 12. a4 h6 13. Nd2 Ne8 14. Qc2 f5 15. f3 g5 16. a5 bxa5 17. Bxa5 f4 18. Nb5 h5 19. c5 Qd7 20. c6 Qd8 21. Nc4 Rf6 22. Ncxd6 Rxd6 23. Nxd6 Qxd6 24. Bxc7 Nxc7 25. Rxa8 Nxa8 26. Ra1 Nc7 27. Kh1 Kf7 28. Ra7 Ke8 29. Qa2 Bf8 30. Qa5 Kd8 31. Ba6 Nxc6 0-1

[Event "North Bay int."]
[Site "North Bay CAN"]
[Date "1999.08.07"]
[Round "8"]
[White "Lazarev, Vladimir"]
[Black "Tyomkin, Dimitri"]
[Result "1-0"]
[WhiteElo "2501"]
[BlackElo "2495"]
[PlyCount "102"]
[GameId "2160767911742719"]
[EventDate "1999.08.04"]
[EventType "swiss"]
[EventRounds "9"]
[EventCountry "CAN"]
[SourceTitle "EXT 2000"]
[Source "ChessBase"]
[SourceDate "1999.11.18"]
[SourceVersion "1"]
[SourceVersionDate "1999.11.18"]
[SourceQuality "1"]

1. d4 d5 2. c4 c6 3. Nf3 e6 4. Qc2 Nf6 5. Bg5 Nbd7 6. cxd5 exd5 7. Nc3 Be7 8. e3 O-O 9. Bd3 Re8 10. h3 Nf8 11. Bf4 Ng6 12. Bh2 Bd6 13. Bxd6 Qxd6 14. O-O-O Be6 15. Kb1 Rac8 16. g4 c5 17. dxc5 Qxc5 18. Nd4 Bd7 19. Bf5 Bxf5 20. Qxf5 Ne7 21. Qd3 Nc6 22. Nb3 Qe7 23. Nxd5 Nxd5 24. Qxd5 a5 25. a3 a4 26. Nd4 Nxd4 27. Qxd4 b5 28. Rc1 Rb8 29. Rc5 b4 30. axb4 Rbd8 31. Qc4 Rd2 32. Rf1 g6 33. Rc8 Rdd8 34. Rxd8 Rxd8 35. Rc1 Rb8 36. Qd4 Qb7 37. Qf4 Qb5 38. h4 Rd8 39. Qc4 Qe5 40. Rc2 Qe7 41. h5 Rb8 42. h6 Qf8 43. Qf4 f6 44. Rc5 g5 45. Qc4+ Kh8 46. b5 Qxh6 47. Rc8+ Rxc8 48. Qxc8+ Kg7 49. Qd7+ Kf8 50. b6 Qh1+ 51. Ka2 Qe4 1-0

[Event "North Bay int."]
[Site "North Bay CAN"]
[Date "1999.08.07"]
[Round "8"]
[White "Miezis, Normunds"]
[Black "Mikanovic, Goran"]
[Result "1-0"]
[WhiteElo "2524"]
[BlackElo "2310"]
[PlyCount "83"]
[GameId "2160767911742720"]
[EventDate "1999.08.04"]
[EventType "swiss"]
[EventRounds "9"]
[EventCountry "CAN"]
[SourceTitle "EXT 2000"]
[Source "ChessBase"]
[SourceDate "1999.11.18"]
[SourceVersion "1"]
[SourceVersionDate "1999.11.18"]
[SourceQuality "1"]

1. c4 c5 2. Nc3 g6 3. g3 Bg7 4. Bg2 Nc6 5. d3 e6 6. e4 Nge7 7. Nge2 O-O 8. a3 d6 9. Rb1 b6 10. h4 Bb7 11. h5 Nd4 12. Nf4 Nec6 13. hxg6 fxg6 14. Be3 Qf6 15. Nh3 Ne5 16. f4 Nf7 17. O-O Qe7 18. b4 Rab8 19. Ne2 Ba8 20. Nxd4 cxd4 21. Bd2 Rfe8 22. Rf2 Bc6 23. b5 Bd7 24. Bb4 Bc8 25. e5 Qc7 26. Ng5 Bf8 27. Bc6 Bd7 28. Be4 Nxg5 29. fxg5 dxe5 30. Qf3 Bxb5 31. cxb5 Bxb4 32. axb4 Rf8 33. Qe2 Rxf2 34. Qxf2 Rf8 35. Qg2 Qd7 36. Qa2 Qe7 37. Qd2 Qd7 38. Rc1 Qxb5 39. Bc6 Qa6 40. Bd7 Qb7 41. Bxe6+ Kh8 42. Qe2 1-0

[Event "North Bay int."]
[Site "North Bay CAN"]
[Date "1999.08.07"]
[Round "8"]
[White "Pushkedra, Frank"]
[Black "Djerkovic, Miladin"]
[Result "1-0"]
[WhiteElo "2345"]
[BlackElo "2201"]
[PlyCount "85"]
[GameId "2160767911742723"]
[EventDate "1999.08.04"]
[EventType "swiss"]
[EventRounds "9"]
[EventCountry "CAN"]
[SourceTitle "EXT 2000"]
[Source "ChessBase"]
[SourceDate "1999.11.18"]
[SourceVersion "1"]
[SourceVersionDate "1999.11.18"]
[SourceQuality "1"]

1. e4 e5 2. Nf3 Nc6 3. Bb5 a6 4. Ba4 Nf6 5. O-O Be7 6. Re1 b5 7. Bb3 d6 8. c3 O-O 9. h3 Bb7 10. d4 Re8 11. Nbd2 Bf8 12. a4 h6 13. Bc2 exd4 14. cxd4 Nb4 15. Bb1 c5 16. d5 g6 17. Ra3 Nd7 18. Nh2 c4 19. Rg3 Bg7 20. Ndf3 Nc5 21. Ng4 Kh7 22. Bxh6 Bxh6 23. Nxh6 Kxh6 24. Qd2+ Kg7 25. Qxb4 Nxa4 26. Nd4 Bc8 27. Nc6 Qc7 28. b3 Nb6 29. Qc3+ Kh7 30. bxc4 Nxc4 31. Qf6 Ne5 32. f4 Nxc6 33. e5 Qe7 34. Rxg6 fxg6 35. Qxg6+ Kh8 36. Qh5+ Kg7 37. Qh7+ Kf8 38. Qh8+ Kf7 39. e6+ Bxe6 40. dxe6+ Qxe6 41. Qh7+ Kf8 42. Rxe6 Rxe6 43. Qh8+ 1-0

[Event "North Bay int."]
[Site "North Bay CAN"]
[Date "1999.08.07"]
[Round "8"]
[White "Safranska, Anda"]
[Black "Zugic, Igor"]
[Result "1/2-1/2"]
[WhiteElo "2267"]
[BlackElo "2406"]
[PlyCount "82"]
[GameId "2160767911742724"]
[EventDate "1999.08.04"]
[EventType "swiss"]
[EventRounds "9"]
[EventCountry "CAN"]
[SourceTitle "EXT 2000"]
[Source "ChessBase"]
[SourceDate "1999.11.18"]
[SourceVersion "1"]
[SourceVersionDate "1999.11.18"]
[SourceQuality "1"]

1. e4 Nf6 2. d3 e5 3. Nf3 Nc6 4. g3 d5 5. Nbd2 Be7 6. Bg2 O-O 7. O-O Re8 8. h3 Rb8 9. a4 b6 10. Re1 Bf8 11. b3 g6 12. Bb2 Bg7 13. Kh2 d4 14. Rf1 a6 15. Ne1 Nb4 16. Ndf3 c5 17. Bc1 b5 18. axb5 axb5 19. Ng1 Bb7 20. f4 exf4 21. Bxf4 Ra8 22. Rxa8 Bxa8 23. Qf3 Nd7 24. Qf2 f6 25. Ngf3 Qe7 26. Bd2 Nc6 27. b4 Qd6 28. Bf4 Qe7 29. bxc5 Qxc5 30. Nd2 Nde5 31. Nb3 Qd6 32. Bxe5 Qxe5 33. Nf3 Qc7 34. Nfxd4 Nxd4 35. Nxd4 b4 36. Nf3 Rc8 37. Rb1 Bf8 38. Ne1 Qe5 39. d4 Qe7 40. Qe2 Bd5 41. Nd3 Bc4 1/2-1/2

[Event "North Bay int."]
[Site "North Bay CAN"]
[Date "1999.08.07"]
[Round "8"]
[White "Saleh, Maher"]
[Black "Ottosen, David"]
[Result "1-0"]
[WhiteElo "2220"]
[BlackElo "2139"]
[PlyCount "69"]
[GameId "2160767911742725"]
[EventDate "1999.08.04"]
[EventType "swiss"]
[EventRounds "9"]
[EventCountry "CAN"]

1. Nf3 d5 2. g3 c6 3. Bg2 Nf6 4. O-O e6 5. d4 Nbd7 6. Nbd2 Bd6 7. c4 O-O 8. Qc2 Re8 9. e4 dxe4 10. Nxe4 Nxe4 11. Qxe4 e5 12. Qc2 exd4 13. Nxd4 Nf6 14. Rd1 Bg4 15. Nf3 Qc7 16. Be3 Rad8 17. a3 Nd7 18. Re1 Ne5 19. Ng5 g6 20. Ne4 Be7 21. Bg5 Bxg5 22. Nxg5 h6 23. Ne4 Re6 24. Re3 Qe7 25. Rae1 Re8 26. b4 Nf3+ 27. Bxf3 Bxf3 28. Nc5 Bg4 29. Nxe6 Bxe6 30. Rxe6 fxe6 31. Qxg6+ Kf8 32. Qxh6+ Qg7 33. Qxg7+ Kxg7 34. Kg2 Kf6 35. Rd1 1-0

[Event "North Bay int."]
[Site "North Bay CAN"]
[Date "1999.08.07"]
[Round "8"]
[White "St Amand, Paul Jr"]
[Black "Weeramantry, Sunil"]
[Result "1-0"]
[WhiteElo "2160"]
[BlackElo "2252"]
[PlyCount "53"]
[GameId "2160767911742726"]
[EventDate "1999.08.04"]
[EventType "swiss"]
[EventRounds "9"]
[EventCountry "CAN"]
[SourceTitle "EXT 2000"]
[Source "ChessBase"]
[SourceDate "1999.11.18"]
[SourceVersion "1"]
[SourceVersionDate "1999.11.18"]
[SourceQuality "1"]

1. e4 d6 2. d4 g6 3. Nc3 Bg7 4. f4 c6 5. Nf3 Bg4 6. Be3 Qb6 7. Qd2 Bxf3 8. gxf3 Nd7 9. O-O-O Qa5 10. Kb1 b5 11. f5 b4 12. Ne2 gxf5 13. Rg1 Bf8 14. Bh3 Ngf6 15. Bxf5 e6 16. Bh3 O-O-O 17. c3 d5 18. e5 Ne8 19. Bg5 Nc7 20. Bxd8 Kxd8 21. Rc1 Nb6 22. cxb4 Bxb4 23. Qg5+ Kd7 24. Qg7 Rf8 25. Rc2 Nc4 26. Nc1 Nd2+ 27. Rxd2 1-0

[Event "North Bay int."]
[Site "North Bay CAN"]
[Date "1999.08.07"]
[Round "8"]
[White "Steigman, AJ."]
[Black "Morrell, Gordon"]
[Result "1/2-1/2"]
[WhiteElo "2226"]
[BlackElo "2128"]
[PlyCount "96"]
[GameId "2160767911742727"]
[EventDate "1999.08.04"]
[EventType "swiss"]
[EventRounds "9"]
[EventCountry "CAN"]
[SourceTitle "EXT 2000"]
[Source "ChessBase"]
[SourceDate "1999.11.18"]
[SourceVersion "1"]
[SourceVersionDate "1999.11.18"]
[SourceQuality "1"]

1. e4 c5 2. Nc3 Nc6 3. g3 g6 4. Bg2 Bg7 5. d3 d6 6. Nge2 e6 7. O-O Nge7 8. Bg5 O-O 9. Qd2 f6 10. Be3 e5 11. f4 Be6 12. h3 Qd7 13. Kh2 b6 14. Nd5 Rae8 15. c3 f5 16. Ng1 Kh8 17. a3 Na5 18. Qe2 fxe4 19. dxe4 Bxd5 20. exd5 exf4 21. gxf4 Nf5 22. Rf3 Nb3 23. Rd1 Nbd4 24. cxd4 cxd4 25. Qc2 Nxe3 26. Qd3 Qe7 27. Ne2 Qh4 28. Rc1 Ng4+ 29. Kg1 Re3 30. Rxe3 Qf2+ 31. Kh1 Nxe3 32. Be4 Nf1 33. Bg2 Qxe2 34. Bxf1 Qxd3 35. Bxd3 Rxf4 36. Rc8+ Bf8 37. Kg2 Rf7 38. Rc4 Re7 39. Rxd4 Re3 40. Bf1 Rb3 41. Rb4 Rxb4 42. axb4 a5 43. bxa5 bxa5 44. Kf3 Kg7 45. Ke4 Kf6 46. Bb5 Bg7 47. b3 Kg5 48. Bd7 Kh4 1/2-1/2

[Event "North Bay int."]
[Site "North Bay CAN"]
[Date "1999.08.07"]
[Round "8"]
[White "Wenaas, Eric"]
[Black "Seawald, Dennis"]
[Result "1-0"]
[WhiteElo "2156"]
[BlackElo "2174"]
[PlyCount "161"]
[GameId "2160767911742728"]
[EventDate "1999.08.04"]
[EventType "swiss"]
[EventRounds "9"]
[EventCountry "CAN"]

1. c4 g6 2. Nc3 Bg7 3. Nf3 d6 4. g3 Nf6 5. Bg2 O-O 6. O-O e5 7. d3 c6 8. Rb1 Re8 9. b4 a6 10. a4 a5 11. b5 c5 12. Ne1 Nbd7 13. Nc2 Nb6 14. e4 Nbd7 15. Ne3 Ra7 16. f4 exf4 17. gxf4 b6 18. Bb2 Nf8 19. Ncd5 Ne6 20. f5 Nd4 21. Bxd4 cxd4 22. Nxf6+ Bxf6 23. Nd5 Bg5 24. Bh3 Bb7 25. Nf4 Bxf4 26. Rxf4 Qg5+ 27. Qg4 Qxg4+ 28. Rxg4 Kf8 29. Rf1 Bc8 30. Rg3 Rc7 31. fxg6 hxg6 32. Bxc8 Rcxc8 33. Rgf3 Re7 34. Rf6 Rd8 35. e5 dxe5 36. Rxb6 e4 37. dxe4 d3 38. c5 Rxe4 39. Rd1 Rc4 40. Rd6 Rxd6 41. cxd6 Rd4 42. Kf2 Rxd6 43. Ke3 g5 44. Rxd3 Rh6 45. Rd2 Ke7 46. Rb2 Rh7 47. b6 Rh8 48. b7 Rb8 49. Ke4 Kd6 50. Kf5 Kc7 51. Kxg5 Rg8+ 52. Kf5 Rb8 53. h4 Rh8 54. Kg4 Rg8+ 55. Kh3 Rg1 56. h5 Rg8 57. Rb5 Rg1 58. Kh4 f6 59. Kh3 Ra1 60. Rxa5 Kxb7 61. Kg4 Kb6 62. Rb5+ Kc6 63. Rb4 Rh1 64. Rf4 Rg1+ 65. Kf3 Rh1 66. Rxf6+ Kc5 67. Rf5+ Kc6 68. Kg4 Kd6 69. a5 Ke6 70. Rb5 Rg1+ 71. Kf4 Rf1+ 72. Kg5 Rg1+ 73. Kh6 Kd6 74. Kh7 Kc6 75. Rb6+ Kc7 76. Rg6 Ra1 77. h6 Kc8 78. Kh8 Kc7 79. Rg7+ Kb8 80. h7 Ka8 81. Rg8+ 1-0

[Event "North Bay int."]
[Site "North Bay CAN"]
[Date "1999.08.07"]
[Round "8"]
[White "Xu, Sheng Jun"]
[Black "Ochkoos, Jura"]
[Result "1/2-1/2"]
[WhiteElo "2119"]
[BlackElo "2305"]
[PlyCount "38"]
[GameId "2160767911742729"]
[EventDate "1999.08.04"]
[EventType "swiss"]
[EventRounds "9"]
[EventCountry "CAN"]

1. e4 e5 2. Nf3 Nc6 3. Bc4 Nf6 4. d4 exd4 5. O-O Nxe4 6. Re1 d5 7. Bxd5 Qxd5 8. Nc3 Qa5 9. Nxe4 Be6 10. Neg5 O-O-O 11. Nxe6 fxe6 12. Rxe6 Qf5 13. Qe2 Bd6 14. Bg5 Rdf8 15. Rd1 Qf7 16. Re4 Qh5 17. Bh4 Re8 18. Bg3 Rxe4 19. Qxe4 Re8 1/2-1/2

[Event "North Bay int."]
[Site "North Bay CAN"]
[Date "1999.08.07"]
[Round "8"]
[White "Yee, Lorne"]
[Black "Olszewski, Piotr"]
[Result "1/2-1/2"]
[WhiteElo "2084"]
[BlackElo "2273"]
[PlyCount "42"]
[GameId "2160767911742730"]
[EventDate "1999.08.04"]
[EventType "swiss"]
[EventRounds "9"]
[EventCountry "CAN"]
[SourceTitle "EXT 2000"]
[Source "ChessBase"]
[SourceDate "1999.11.18"]
[SourceVersion "1"]
[SourceVersionDate "1999.11.18"]
[SourceQuality "1"]

1. c4 c5 2. Nc3 Nf6 3. e4 Nc6 4. Nge2 g6 5. d4 cxd4 6. Nxd4 d6 7. Be2 Bg7 8. Be3 O-O 9. f3 Bd7 10. Qd2 Re8 11. O-O Nxd4 12. Bxd4 a5 13. Rac1 Bc6 14. b3 Nd7 15. Be3 Nc5 16. Rfd1 Qb6 17. Nd5 Bxd5 18. cxd5 Rec8 19. Rc4 Qd8 20. Rdc1 b5 21. R4c2 b4 1/2-1/2

[Event "North Bay int."]
[Site "North Bay CAN"]
[Date "1999.08.08"]
[Round "9"]
[White "Ellis, James"]
[Black "Dutton, Warren"]
[Result "1-0"]
[WhiteElo "2180"]
[BlackElo "2025"]
[PlyCount "75"]
[GameId "2160767911742736"]
[EventDate "1999.08.04"]
[EventType "swiss"]
[EventRounds "9"]
[EventCountry "CAN"]
[SourceTitle "EXT 2000"]
[Source "ChessBase"]
[SourceDate "1999.11.18"]
[SourceVersion "1"]
[SourceVersionDate "1999.11.18"]
[SourceQuality "1"]

1. e4 e5 2. Nf3 Nc6 3. Bb5 f5 4. Bxc6 dxc6 5. Nc3 Nf6 6. Qe2 Bd6 7. d3 O-O 8. Bd2 f4 9. O-O-O c5 10. Nd5 Nxd5 11. exd5 Qe8 12. Bc3 Qa4 13. Kb1 Bg4 14. Rde1 Rae8 15. Qe4 Qxe4 16. dxe4 b6 17. h3 Bxf3 18. gxf3 Rf6 19. h4 Rg6 20. Reg1 Rxg1+ 21. Rxg1 Rf8 22. Rg5 Re8 23. h5 h6 24. Rg6 Rf8 25. Kc1 Rf6 26. Rg4 Kh7 27. Kd1 g6 28. hxg6+ Rxg6 29. Ke2 Rxg4 30. fxg4 Kg6 31. b3 Kg5 32. f3 h5 33. gxh5 Kxh5 34. Kf2 b5 35. Be1 Be7 36. Ke2 a6 37. a4 b4 38. Bf2 1-0

[Event "North Bay int."]
[Site "North Bay CAN"]
[Date "1999.08.08"]
[Round "9"]
[White "Glinert, Stephen"]
[Black "Nakamura, Hikaru"]
[Result "1/2-1/2"]
[WhiteElo "2191"]
[BlackElo "2204"]
[PlyCount "75"]
[GameId "2160767911742737"]
[EventDate "1999.08.04"]
[EventType "swiss"]
[EventRounds "9"]
[EventCountry "CAN"]
[SourceTitle "EXT 2000"]
[Source "ChessBase"]
[SourceDate "1999.11.18"]
[SourceVersion "1"]
[SourceVersionDate "1999.11.18"]
[SourceQuality "1"]

1. e4 c5 2. Nc3 Nc6 3. g3 g6 4. Bg2 Bg7 5. d3 d6 6. Be3 e6 7. Qd2 Nge7 8. Bh6 Bxh6 9. Qxh6 Nd4 10. Rc1 Qc7 11. Qg7 Rf8 12. Qxh7 Qb6 13. Nd1 Bd7 14. c3 Ndc6 15. Nf3 O-O-O 16. Qh6 Ne5 17. Nxe5 dxe5 18. d4 Kb8 19. dxc5 Qxc5 20. O-O Rh8 21. Qe3 Qc7 22. f4 Nc6 23. Nf2 exf4 24. gxf4 g5 25. Nd3 Rdg8 26. e5 gxf4 27. Rxf4 Ne7 28. Qc5 Bc6 29. Rf2 Nf5 30. Nb4 Be4 31. Qxc7+ Kxc7 32. Re1 Bxg2 33. Rxg2 Nh4 34. Rxg8 Rxg8+ 35. Kf1 Nf3 36. Re2 Rh8 37. Kg2 Nh4+ 38. Kf1 1/2-1/2

[Event "North Bay int."]
[Site "North Bay CAN"]
[Date "1999.08.08"]
[Round "9"]
[White "Goldenberg, Danny"]
[Black "Pushkedra, Frank"]
[Result "1-0"]
[WhiteElo "2234"]
[BlackElo "2345"]
[PlyCount "108"]
[GameId "2160767911742738"]
[EventDate "1999.08.04"]
[EventType "swiss"]
[EventRounds "9"]
[EventCountry "CAN"]
[SourceTitle "EXT 2000"]
[Source "ChessBase"]
[SourceDate "1999.11.18"]
[SourceVersion "1"]
[SourceVersionDate "1999.11.18"]
[SourceQuality "1"]

1. e4 c5 2. Nf3 Nc6 3. d4 cxd4 4. Nxd4 g6 5. Nc3 Bg7 6. Nb3 Nf6 7. Be2 d6 8. O-O O-O 9. Re1 Be6 10. Bf1 Rc8 11. Bg5 h6 12. Bh4 Ne5 13. Nd4 Bc4 14. Bxc4 Rxc4 15. Kh1 Qb6 16. Nb3 g5 17. Bg3 Ng6 18. Qe2 Rfc8 19. f3 a6 20. Rad1 Qc7 21. a4 Rxc3 22. bxc3 Nh5 23. Nd4 Nxg3+ 24. hxg3 e6 25. Qd2 Qxc3 26. Ne2 Qxc2 27. Qxc2 Rxc2 28. Rxd6 Ra2 29. Rb6 Ne5 30. Rxb7 Rxa4 31. Rc1 Ra2 32. Nc3 Rd2 33. Nb1 Rd8 34. Kh2 h5 35. Rb6 a5 36. Ra6 a4 37. Rxa4 Ng6 38. Rac4 Kh7 39. Rc7 Ne5 40. Rb7 Kg6 41. Na3 h4 42. gxh4 Rh8 43. Rb3 Rxh4+ 44. Kg1 Bf8 45. g3 Rh7 46. Nc4 Nc6 47. Rb7 Bg7 48. Kg2 Rh8 49. Nd6 Ne5 50. Rc8 Rh7 51. f4 gxf4 52. gxf4 Nd3 53. Kf3 Bd4 54. Rg8+ Rg7 1-0

[Event "North Bay int."]
[Site "North Bay CAN"]
[Date "1999.08.08"]
[Round "9"]
[White "Hebert, Jean"]
[Black "Hummel, Patrick"]
[Result "1-0"]
[WhiteElo "2454"]
[BlackElo "2330"]
[PlyCount "73"]
[GameId "2160767911742739"]
[EventDate "1999.08.04"]
[EventType "swiss"]
[EventRounds "9"]
[EventCountry "CAN"]
[SourceTitle "EXT 2000"]
[Source "ChessBase"]
[SourceDate "1999.11.18"]
[SourceVersion "1"]
[SourceVersionDate "1999.11.18"]
[SourceQuality "1"]

1. d4 Nf6 2. c4 c5 3. d5 b5 4. cxb5 a6 5. b6 e6 6. dxe6 fxe6 7. Nf3 Qxb6 8. g3 d5 9. Bg2 Bd6 10. Nc3 Nbd7 11. O-O Bb7 12. Ng5 Be7 13. b3 h6 14. Nh3 O-O 15. Nf4 Rfe8 16. Na4 Qc6 17. Ba3 Nb6 18. Nxb6 Qxb6 19. Bb2 Bd6 20. e3 Qc7 21. Rc1 Qf7 22. Nd3 Nd7 23. f4 Rac8 24. e4 Nb6 25. Ba3 Qf8 26. exd5 exd5 27. Qh5 Red8 28. Bh3 Rc7 29. Be6+ Kh8 30. Ne5 Bxe5 31. fxe5 Qe8 32. Bf7 Qe7 33. Rf6 Qf8 34. Rf2 Qe7 35. e6 Rdc8 36. Rcf1 d4 37. Bc1 1-0

[Event "North Bay int."]
[Site "North Bay CAN"]
[Date "1999.08.08"]
[Round "9"]
[White "Kuczaj, Chris"]
[Black "Xu, Sheng Jun"]
[Result "1/2-1/2"]
[WhiteElo "2171"]
[BlackElo "2119"]
[PlyCount "57"]
[GameId "2160767911742740"]
[EventDate "1999.08.04"]
[EventType "swiss"]
[EventRounds "9"]
[EventCountry "CAN"]

1. c4 Nf6 2. Nc3 g6 3. e4 d6 4. d4 Bg7 5. Be2 O-O 6. Nf3 e5 7. O-O Nbd7 8. Re1 c6 9. Bf1 exd4 10. Nxd4 a5 11. Be3 Nc5 12. f3 Qc7 13. Qd2 Re8 14. b3 Nfd7 15. Rad1 Ne5 16. Kh1 Rd8 17. Qc2 Ne6 18. Qd2 Nxd4 19. Bxd4 f5 20. c5 dxc5 21. Bxe5 Rxd2 22. Bxc7 Bxc3 23. Rxd2 Bxd2 24. Rd1 Bc3 25. Rd8+ Kg7 26. exf5 Bf6 27. Re8 Kf7 28. Re1 Bxf5 29. Bc4+ 1/2-1/2

[Event "North Bay int."]
[Site "North Bay CAN"]
[Date "1999.08.08"]
[Round "9"]
[White "McKay, Geoff"]
[Black "Charest, Johanne"]
[Result "1-0"]
[WhiteElo "2159"]
[BlackElo "2173"]
[PlyCount "23"]
[GameId "2160767911742742"]
[EventDate "1999.08.04"]
[EventType "swiss"]
[EventRounds "9"]
[EventCountry "CAN"]

1. e4 e5 2. f4 d5 3. exd5 exf4 4. Bc4 Qh4+ 5. Kf1 f3 6. Bb5+ c6 7. Nxf3 Qb4 8. Qe2+ Be7 9. dxc6 bxc6 10. Bc4 Nf6 11. b3 O-O 12. Ba3 1-0

[Event "North Bay int."]
[Site "North Bay CAN"]
[Date "1999.08.08"]
[Round "9"]
[White "Mikanovic, Goran"]
[Black "Hergott, Deen"]
[Result "1/2-1/2"]
[WhiteElo "2310"]
[BlackElo "2396"]
[PlyCount "39"]
[GameId "2160767911742743"]
[EventDate "1999.08.04"]
[EventType "swiss"]
[EventRounds "9"]
[EventCountry "CAN"]
[SourceTitle "EXT 2000"]
[Source "ChessBase"]
[SourceDate "1999.11.18"]
[SourceVersion "1"]
[SourceVersionDate "1999.11.18"]
[SourceQuality "1"]

1. d4 Nf6 2. c4 c6 3. Nc3 d5 4. Nf3 e6 5. e3 Nbd7 6. Qc2 Bd6 7. Bd3 O-O 8. O-O dxc4 9. Bxc4 b5 10. Be2 Bb7 11. Rd1 Qb8 12. e4 e5 13. g3 exd4 14. Nxd4 Re8 15. Nf5 Be5 16. Bf3 b4 17. Na4 c5 18. Be3 Qc7 19. Rac1 Rac8 20. b3 1/2-1/2

[Event "North Bay int."]
[Site "North Bay CAN"]
[Date "1999.08.08"]
[Round "9"]
[White "Nickoloff, Bryon"]
[Black "Kalinin, Alexander"]
[Result "0-1"]
[WhiteElo "2421"]
[BlackElo "2425"]
[PlyCount "76"]
[GameId "2160767911742744"]
[EventDate "1999.08.04"]
[EventType "swiss"]
[EventRounds "9"]
[EventCountry "CAN"]
[SourceTitle "Echec+ 1999.11"]

1. d4 Nf6 2. c4 e6 3. Nc3 Bb4 4. e3 O-O 5. Bd3 c5 6. d5 b5 7. dxe6 fxe6 8. cxb5 d5 9. Nf3 Nbd7 10. O-O Bb7 11. Ne2 e5 12. Bf5 Qe7 13. Ng3 g6 14. Bh3 Rae8 15. e4 d4 16. Qd3 Nb6 17. b3 Kg7 18. Bd2 Bxd2 19. Nxd2 h5 20. Rac1 Nh7 21. a4 Ng5 22. Ne2 Nxh3+ 23. Qxh3 Bc8 24. Qd3 Be6 25. Rc2 Rc8 26. f4 Bg4 27. f5 gxf5 28. exf5 Nd5 29. Nc4 Nb4 30. Qg3 Nxc2 31. h3 Rce8 32. hxg4 Qg5 33. Qd3 Nb4 34. Qd2 Qxd2 35. Nxd2 e4 36. Ng3 e3 37. Nxh5+ Kh6 38. Nf3 e2 0-1

[Event "North Bay int."]
[Site "North Bay CAN"]
[Date "1999.08.08"]
[Round "9"]
[White "O'Donnell, Robert"]
[Black "Ochkoos, Jura"]
[Result "0-1"]
[WhiteElo "1958"]
[BlackElo "2305"]
[PlyCount "70"]
[GameId "2160767911742746"]
[EventDate "1999.08.04"]
[EventType "swiss"]
[EventRounds "9"]
[EventCountry "CAN"]

1. d4 d5 2. c4 e6 3. Nc3 c6 4. e3 f5 5. g4 Nf6 6. gxf5 exf5 7. Bd3 Bb4 8. Nge2 O-O 9. Qb3 Qe7 10. Bd2 a5 11. cxd5 cxd5 12. Nxd5 Nxd5 13. Qxd5+ Be6 14. Qb5 Kh8 15. Nf4 Bd7 16. Bxb4 axb4 17. Qxb7 Nc6 18. Qb6 Ra5 19. Rc1 Rb8 20. Qc7 Ra7 21. Rxc6 Rxc7 22. Rxc7 Rc8 23. Rxc8+ Bxc8 24. Kd2 g5 25. Rc1 Bb7 26. Ne2 Be4 27. Bxe4 Qxe4 28. Rc4 Qg2 29. Ke1 Qh1+ 30. Kd2 Qxh2 31. Rxb4 Qxf2 32. a4 f4 33. exf4 gxf4 34. d5 Qe3+ 35. Kd1 f3 0-1

[Event "North Bay int."]
[Site "North Bay CAN"]
[Date "1999.08.08"]
[Round "9"]
[White "Ottosen, David"]
[Black "Campbell, Brett"]
[Result "1/2-1/2"]
[WhiteElo "2139"]
[BlackElo "2197"]
[PlyCount "33"]
[GameId "2160767911742747"]
[EventDate "1999.08.04"]
[EventType "swiss"]
[EventRounds "9"]
[EventCountry "CAN"]

1. d4 g6 2. e4 Bg7 3. Nf3 d6 4. Nc3 Nf6 5. Be3 O-O 6. Qd2 e5 7. dxe5 dxe5 8. Qxd8 Rxd8 9. Bg5 Re8 10. Bd3 h6 11. Bh4 Nc6 12. Nb5 Re7 13. Nc3 Be6 14. O-O g5 15. Bg3 Bg4 16. Ne1 Nb4 17. f3 1/2-1/2